000 00694nam a2200289Ia 4500
005 20260324135344.0
008 008 260324s9999 xx 000 0 eng d
020 _a9781351282840
037 _aEBOOK
040 _aCRL
040 _beng
040 _cCRL
041 _2eng
041 _aeng
084 _qCRL
100 _aRuth Hillary
_91197854
245 0 _aSmall and Medium-Sized Enterprises and the Environment
245 0 _bBusiness Imperatives
260 _bTaylor and Francis
260 _c2000
365 _a
365 _b86.99
856 _uhttp://www.taylorfrancis.com/books/9781351282840
942 _cEBOOK
999 _c1801269
_d1801269